Патриотизм русских естествоиспытателей и их вклад в науку
| Hlavní autor: | |
|---|---|
| Korporativní autor: | |
| Jazyk: | ruština |
| Vydáno: |
Москва, Изд-во Московского об-ва испытателей природы, 1949
|
| Edice: | Историческая серия |
| Témata: |
Вернадский
> Владимир Иванович
> В. И.
> российский учёный
> естествоиспытатель, мыслитель и общественный деятель
> 1863-1945
Тимирязев
> К. А.
> русский естествоиспытатель
> один из основоположников русской школы физиологов растений
> 1843-1920
> Климент Аркадьевич
Ленц
> Э. Х.
> 1804-1865
> Эмилий Христианович
> российский физик
> электротехник
> академик Петербургской АН
|
| Médium: | MixedMaterials Kniha |
| KOHA link: | https://koha.lib.tpu.ru/cgi-bin/koha/opac-detail.pl?biblionumber=321686 |
MARC
| LEADER | 00000nam0a2200000 4500 | ||
|---|---|---|---|
| 001 | 321686 | ||
| 005 | 20231102003411.0 | ||
| 035 | |a (RuTPU)RU\TPU\book\347242 | ||
| 090 | |a 321686 | ||
| 100 | |a 20160902d1949 km y0rusy50 ca | ||
| 101 | 0 | |a rus | |
| 102 | |a RU | ||
| 105 | |a a z 001zd | ||
| 200 | 1 | |a Патриотизм русских естествоиспытателей и их вклад в науку |f Б. Г. Кузнецов |g Московское общество испытателей природы (МОИП) | |
| 210 | |a Москва |c Изд-во Московского об-ва испытателей природы |d 1949 | ||
| 215 | |a 229 с. |c ил. | ||
| 225 | 1 | |a Историческая серия |i № 37 | |
| 320 | |a Библиография в ссылках. | ||
| 600 | 1 | |a Мичурин |b И. В. |c российский биолог |c селекционер |f 1855-1935 |g Иван Владимирович |2 stltpush |3 (RuTPU)RU\TPU\pers\13429 |9 4084 | |
| 600 | 1 | |a Вильямс |b В. Р. |f 1863-1939 |g Василий Робертович |c почвовед |c академик АН СССР и ВАСХНИЛ |2 stltpush |3 (RuTPU)RU\TPU\pers\8752 | |
| 600 | 1 | |a Вернадский |g Владимир Иванович |b В. И. |c российский учёный |c естествоиспытатель, мыслитель и общественный деятель |f 1863-1945 |2 stltpush |3 (RuTPU)RU\TPU\pers\417 | |
| 600 | 1 | |a Ферсман |b А. Е. |c российский минералог и геохимик |f 1883-1945 |g Александр Евгеньевич |2 stltpush |3 (RuTPU)RU\TPU\pers\12109 |9 3174 | |
| 600 | 1 | |a Курнаков |g Николай Семенович |b Н. С. |c российский физикохимик |c академик АН СССР |f 1860-1941 |2 stltpush |3 (RuTPU)RU\TPU\pers\1659 | |
| 600 | 1 | |a Тимирязев |b К. А. |c русский естествоиспытатель |c один из основоположников русской школы физиологов растений |f 1843-1920 |g Климент Аркадьевич |2 stltpush |3 (RuTPU)RU\TPU\pers\12639 |9 3598 | |
| 600 | 1 | |a Сеченов |b И. М. |f 1829-1905 |g Иван Михайлович |c русский физиолог |2 stltpush |3 (RuTPU)RU\TPU\pers\4406 | |
| 600 | 1 | |a Мечников |b И. И. |f 1845-1916 |g Илья Ильич |c российский биолог |c патолог |2 stltpush |3 (RuTPU)RU\TPU\pers\3917 | |
| 600 | 1 | |a Ковалевский |b В. О. |c российский палеонтолог |c зоолог |f 1842-1883 |g Владимир Онуфриевич |2 stltpush |3 (RuTPU)RU\TPU\pers\15021 |9 5123 | |
| 600 | 1 | |a Лебедев |g Петр Николаевич |b П. Н. |c российский физик |f 1866-1912 |2 stltpush |3 (RuTPU)RU\TPU\pers\769 | |
| 600 | 1 | |a Столетов |g Александр Григорьевич |b А. Г. |c российский физик |f 1839-1896 |2 stltpush |3 (RuTPU)RU\TPU\pers\980 | |
| 600 | 1 | |a Лодыгин |g Александр Николаевич |b А. Н. |c российский электротехник |f 1847-1923 |2 stltpush |3 (RuTPU)RU\TPU\pers\1308 | |
| 600 | 1 | |a Бутлеров |b А. М. |g Александр Михайлович |c химик-органик |f 1828-1886 |c академик Петербургской АН |2 stltpush |3 (RuTPU)RU\TPU\pers\4379 | |
| 600 | 1 | |a Ленц |b Э. Х. |f 1804-1865 |g Эмилий Христианович |c российский физик |c электротехник |c академик Петербургской АН |2 stltpush |3 (RuTPU)RU\TPU\pers\4087 | |
| 600 | 1 | |a Якоби |g Борис Семенович |b Б. С. |c российский физик |c электротехник |c настоящее имя Мориц Герман |c академик Петербургской АН |f 1801-1874 |2 stltpush |3 (RuTPU)RU\TPU\pers\1353 | |
| 600 | 1 | |a Лобачевский |g Николай Иванович |c российский математик |f 1792-1856 |b Н. И. |2 stltpush |3 (RuTPU)RU\TPU\pers\981 | |
| 606 | 1 | |a Научные открытия в естествознании |2 stltpush |3 (RuTPU)RU\TPU\subj\45175 |9 64436 | |
| 610 | 1 | |a естественные науки | |
| 610 | 1 | |a история | |
| 610 | 1 | |a ученые | |
| 610 | 1 | |a Россия | |
| 675 | |a 50 |v 4 | ||
| 700 | 1 | |a Кузнецов |b Б. Г. | |
| 712 | 0 | 2 | |a Московское общество испытателей природы (МОИП) |c (1917- ) |2 stltpush |3 (RuTPU)RU\TPU\col\7762 |
| 801 | 1 | |a RU |b 63413507 |c 20160902 | |
| 801 | 2 | |a RU |b 63413507 |c 20200327 |g RCR | |
| 942 | |c BK | ||